Mahligai tulip biru (Record no. 132861)

MARC details
000 -LEADER
fixed length control field 00736nam a2200277 i 4500
001 - CONTROL NUMBER
control field C2-0334369
003 - CONTROL NUMBER IDENTIFIER
control field PPAK
005 - DATE AND TIME OF LATEST TRANSACTION
control field 20180728134213.0
008 - FIXED-LENGTH DATA ELEMENTS--GENERAL INFORMATION
fixed length control field 151026s2015 my |||| ||||| | may d
020 ## - INTERNATIONAL STANDARD BOOK NUMBER
International Standard Book Number 9789670134680
040 ## - CATALOGING SOURCE
Original cataloging agency PPAK
Language of cataloging eng
Transcribing agency PPAK
Description conventions rda
082 04 - DEWEY DECIMAL CLASSIFICATION NUMBER
Classification number 899.233
Edition number 23
090 00 - LOCALLY ASSIGNED LC-TYPE CALL NUMBER (OCLC); LOCAL CALL NUMBER (RLIN)
Classification number (OCLC) (R) ; Classification number, CALL (RLIN) (NR) 899.233
Feature heading SIT
Feature heading G
100 0# - MAIN ENTRY--PERSONAL NAME
Personal name Siti Mastura Mat Isa,
Relator term author
245 10 - TITLE STATEMENT
Title Mahligai tulip biru
264 #1 - PRODUCTION, PUBLICATION, DISTRIBUTION, MANUFACTURE, AND COPYRIGHT NOTICE
Place of production, publication, distribution, manufacture Kuala Lumpur :
Name of producer, publisher, distributor, manufacturer Edition Plus Sdn. Bhd. ,
Date of production, publication, distribution, manufacture, or copyright notice 2015
300 ## - PHYSICAL DESCRIPTION
Extent 455 pages ;
Dimensions 21 cm
336 ## - CONTENT TYPE
Source rdacontent
Content type term text
337 ## - MEDIA TYPE
Source rdamedia
Media type term unmediated
338 ## - CARRIER TYPE
Source rdacarrier
Carrier type term volume
490 1# - SERIES STATEMENT
Series statement Novel plus
500 ## - GENERAL NOTE
General note Include question.
650 10 - SUBJECT ADDED ENTRY--TOPICAL TERM
Topical term or geographic name entry element Malay fiction.
830 #0 - SERIES ADDED ENTRY--UNIFORM TITLE
Uniform title Novel plus
942 ## - ADDED ENTRY ELEMENTS (KOHA)
-- dc
Koha item type Book
Holdings
Withdrawn Not for loan Current library Shelving location Date acquired Full call number Barcode Date last seen Koha item type Total Checkouts Total Renewals Date last checked out
    Perpustakaan Alor Setar Pinjaman Dewasa 08/11/2015 899.233 SIT A01468984 12/10/2021 Book 1 1 29/08/2021
    Perpustakaan Awam Sungai Petani Pinjaman Dewasa 08/11/2015 899.233 SIT A01468985 09/05/2018 Book      
    Perpustakaan Jitra Pinjaman Dewasa 08/11/2015 899.233 SIT A01468986 09/05/2018 Book      
    Perpustakaan Langkawi Pinjaman Dewasa 08/11/2015 899.233 SIT A01468987 09/05/2018 Book